000 00646nam a2200181 a 4500
005 20140412111235.0
008 010531s19uu xx 00 eng d
020 _a0-374-46450-2
050 _aTR(PS E
_bSa5 1989
100 _aShepperson, Rob
245 _aSandman (The) /
_cRob Shepperson.
260 _aCanada :
_bHarperCollins,
_c1v. (unp.) ; ill.
300 _a1v. (unp.) ; ill.
520 _aWhen Jay decides to stay up and see if the Sandman is real, he doesn't have to wait long. And once the boisterous fun begins, who knows if he'll ever go to sleep!
650 _aDreams-Fiction
650 _aChildren's stories
999 _c102418
_d102418